Cartoon Therapy Quiz Stats

 Plays Quiz Updated Jan 7, 2019

Support Sporcle.
Go Orange.
Score 0/22 Timer 05:00
6 Plays Today
% Correct
Winnie the Pooh
97.7%
Fred Flintstone
96.2%
Brainy Smurf
94.7%
Shaggy Rogers
94.6%
Marge Simpson
93.6%
Boo-Boo Bear
93.3%
Wile E. Coyote
93.2%
Anakin Skywalker
93%
Butt-head
92.2%
Dora the Explorer
91.9%
Superman
90.1%
% Correct
Inspector Gadget
86.2%
Daisy Duck
85.5%
Wonder Woman
83.1%
George Jetson
81.2%
Linus Van Pelt
80.5%
Brian Griffin
79.7%
Bullwinkle J. Moose
79.2%
Spider-Man
75.6%
Ferb Fletcher
68.9%
Turanga Leela
68.9%
Popeye
64.3%

From the Vault

2017 NFL Hall of Fame

by pdigoe

Sports 60s
They all have sculptures in the Hall of Fame, but they are anything but busts.
Remove Ads.
Support Sporcle.
Get the best of Sporcle when you Go Orange. This ad-free experience offers more features, more stats, and more fun while also helping to support Sporcle. Thank you for becoming a member.

Show Comments

Extras

Top Quizzes Today


Score Distribution

Your Account Isn't Verified!

In order to create a playlist on Sporcle, you need to verify the email address you used during registration. Go to your Sporcle Settings to finish the process.

Report this User

Report this user for behavior that violates our Community Guidelines.

Details: